000 00769nam a2200253Ia 4500
001 9777
003 GE_BSU
008 181216s||||||||xx |||||||||||||| ||und||
020 _a9992843
040 _cGE_BSU
080 _a821.353.1–1
100 _aაბულაზე,ზვიად
245 _aამქვეყნიური გზების სავალი
245 _bლექსები
245 _cმხატვ.ჯ.მიქელაძე
260 _aბათუმი
260 _bალიონი
260 _c2005
300 _a40გვ.ფოტო.14სმ.
541 _h60თ.
653 _aამქვეყნიური გზების სავალი
653 _aლექსები
942 _cBK
999 _c43057
_d43057